[Event "2nd IMSA Rapid 2017"]
[Site "Huai'an CHN"]
[Date "2017.12.10"]
[Round "1.5"]
[White "Mamedyarov,S"]
[Black "Ivanchuk,V"]
[Result "1-0"]
[WhiteElo "2799"]
[BlackElo "2726"]

1.d4 Nf6 2.c4 e6 3.Nc3 Bb4 4.Nf3 c5 5.g3 Nc6 6.Bg2 Ne4 7.Bd2 Nxd2 8.Qxd2 cxd4
9.Nxd4 O-O 10.Nc2 Be7 11.O-O a6 12.Rfd1 Rb8 13.Ne4 b6 14.Rac1 Qc7 15.Nd6 Bb7
16.Nxb7 Rxb7 17.b4 Ra7 18.a3 a5 19.h3 Rd8 20.Qc3 Qe5 21.Qd3 Qc7 22.Qb3 h6
23.Kh2 h5 24.Kg1 h4 25.g4 Rc8 26.e3 g5 27.Nd4 Nxd4 28.exd4 axb4 29.axb4 d6
30.d5 e5 31.Be4 Qd8 32.Kg2 Rca8 33.Qf3 Rc8 34.Qf5 Bf6 35.Rd3 Rac7 36.Rdc3 Kg7
37.Qf3 Qe7 38.Qf5 Rh8 39.Ra3 Qd7 40.Qf3 Ra7 41.Rca1 Rha8 42.R1a2 Qc7 43.Rxa7 Rxa7
44.Rc2 Ra4 45.Qf5 Rxb4 46.Ra2 Qb7 47.Rc2 Ra4 48.Rc3 Ra8 49.Qh7+ Kf8 50.Qh6+ Bg7
51.Qxd6+ Kg8 52.Qc6 Rb8 53.Rb3 Bf8 54.Qf6 Qe7 55.Qf5 Bg7 56.Rf3 Rd8 57.Qh7+ Kf8
58.Bg6 Bf6 59.Qh6+ Bg7 60.Qh5 Bf6 61.Be4 Rd6 62.Qh7 Bg7 63.Ra3 Qd8 64.Ra7 Rh6
65.Qf5 Rf6 66.Qd7 Qxd7 67.Rxd7 Ke8 68.Rb7 Bf8 69.Rb8+ Ke7 70.Bc2 e4 71.Bxe4 Rd6
72.Bc2 Bg7 73.Rg8 Bf6 74.Rb8 Bd4 75.Bf5 Rd8 76.Rb7+ Kf6 77.f4 gxf4 78.Kf3 Be3
79.Be4 Re8 80.d6 Re6 81.d7 Rd6 82.Bf5  1-0

[Event "2nd IMSA Rapid 2017"]
[Site "Huai'an CHN"]
[Date "2017.12.10"]
[Round "3.2"]
[White "Mamedyarov,S"]
[Black "Le Quang Liem"]
[Result "1-0"]
[WhiteElo "2799"]
[BlackElo "2737"]

1.d4 Nf6 2.c4 e6 3.Nc3 Bb4 4.f3 c5 5.d5 O-O 6.e4 b5 7.e5 Ne8 8.f4 exd5 9.cxd5 d6
10.Nf3 Nc7 11.a4 Bb7 12.Bd3 h6 13.O-O c4 14.Bb1 dxe5 15.fxe5 Nxd5 16.Nxb5 Bc5+
17.Kh1 a6 18.Qc2 g6 19.Qxc4 Nd7 20.Nbd4 Kh7 21.e6 Bxd4 22.Nxd4 Ne5 23.Qb3 Qb6
24.Qxb6 Nxb6 25.Bf4 fxe6 26.Nxe6 Rf6 27.Ba2 Nd3 28.Be3 Rxf1+ 29.Rxf1 Bd5
30.Bxb6 Bxa2 31.Rf7+ Kg8 32.Rg7+ Kh8 33.Bd4 Bxe6 34.Rxg6+ Kh7 35.Rg7+ Kh8
36.Ra7+  1-0

[Event "2nd IMSA Rapid 2017"]
[Site "Huai'an CHN"]
[Date "2017.12.11"]
[Round "5.1"]
[White "Mamedyarov,S"]
[Black "Grischuk,A"]
[Result "1/2-1/2"]
[WhiteElo "2799"]
[BlackElo "2772"]

1.d4 d5 2.c4 e6 3.Nf3 Nf6 4.Nc3 dxc4 5.e3 a6 6.a4 b6 7.Bxc4 Bb7 8.O-O Bb4
9.Qe2 O-O 10.Rd1 Qe7 11.Na2 Bd6 12.Nc3 Bb4 13.Na2 Bd6 14.Nc3  1/2-1/2

[Event "2nd IMSA Rapid 2017"]
[Site "Huai'an CHN"]
[Date "2017.12.11"]
[Round "6.1"]
[White "Andreikin,D"]
[Black "Mamedyarov,S"]
[Result "1-0"]
[WhiteElo "2712"]
[BlackElo "2799"]

1.d4 Nf6 2.Bg5 Ne4 3.Bf4 d5 4.f3 Nd6 5.Nc3 e6 6.e4 c6 7.Bd3 Nd7 8.Nge2 Be7
9.O-O b5 10.Ng3 Nc4 11.Bxc4 bxc4 12.exd5 exd5 13.Nf5 O-O 14.Nxe7+ Qxe7 15.Re1 Qf6
16.Qd2 Nb6 17.b4 Bf5 18.Bg3 h5 19.a4 h4 20.Bc7 Rfc8 21.Bxb6 axb6 22.a5 Qd8
23.Nd1 Be6 24.Ne3 bxa5 25.Rxa5 h3 26.g3 Qf6 27.Kf2 Re8 28.c3 Bf5 29.Nd1 Rac8
30.Ra7 Bd3 31.Re3 Kf8 32.Qa2 Rxe3 33.Nxe3 Be4 34.f4 g5 35.Ra8 Rxa8 36.Qxa8+ Kg7
37.Qb8 c5 38.bxc5 Qa6 39.Ng4 Qa2+ 40.Ke3 Qc2 41.Qe5+ Kh7 42.Nf6+ Kg6 43.Qxg5+  1-0

[Event "2nd IMSA Rapid 2017"]
[Site "Huai'an CHN"]
[Date "2017.12.11"]
[Round "7.2"]
[White "Mamedyarov,S"]
[Black "Korobov,A"]
[Result "1/2-1/2"]
[WhiteElo "2799"]
[BlackElo "2652"]

1.d4 Nf6 2.c4 e6 3.Nc3 Bb4 4.f3 d5 5.a3 Bxc3+ 6.bxc3 c5 7.cxd5 Nxd5 8.dxc5 Qa5
9.e4 Ne7 10.Be3 O-O 11.Qb3 Qc7 12.Bb5 Nd7 13.Bxd7 Bxd7 14.Ne2 Nc6 15.c4 Na5
16.Qc3 e5 17.Rd1 Be6 18.Rd5 b6 19.O-O Bxd5 20.cxd5 bxc5 21.f4 Rab8 22.fxe5 Rb3
23.Qxc5 Qxe5 24.Bf4 Qxe4 25.Ng3 Qa4 26.Nf5 Qxa3 27.Qd4 Qb2 28.Qc5 Rb5 29.Ne7+ Kh8
30.Ng6+ hxg6 31.Qxf8+ Kh7 32.Qxf7 Qd4+ 33.Kh1 Qxd5 34.Qxa7 Rb2 35.Rg1 Nc6
36.Qe3 Rb3 37.Qf2 Rd3 38.Re1 Rd1 39.h3 Rxe1+ 40.Qxe1 Nd4 41.Qh4+ Qh5 42.Qe1 Qd5
43.Qh4+ Qh5 44.Qe1 Qd5 45.Qh4+  1/2-1/2

[Event "2nd IMSA Blitz 2017"]
[Site "Huai'an CHN"]
[Date "2017.12.12"]
[Round "3.1"]
[White "Grischuk,A"]
[Black "Mamedyarov,S"]
[Result "1-0"]
[WhiteElo "2772"]
[BlackElo "2799"]

1.Nf3 Nf6 2.b3 g6 3.Bb2 Bg7 4.g3 O-O 5.Bg2 d6 6.d4 e5 7.dxe5 Nfd7 8.Nc3 dxe5
9.O-O Nc6 10.Nd2 Nf6 11.Nc4 Be6 12.Bxc6 bxc6 13.Qxd8 Rfxd8 14.Nxe5 Rd2 15.Rac1 Re8
16.Rfd1 Rxd1+ 17.Nxd1 c5 18.Nd3 c4 19.Nf4 Bc8 20.Ne3 g5 21.Bxf6 gxf4 22.Bxg7 fxe3
23.Bd4 exf2+ 24.Kxf2 a6 25.Be3 f6 26.Rd1 Kf7 27.Rd4 cxb3 28.axb3 Re5 29.Rc4 Re7
30.Bf4 Be6 31.Rxc7 Rxc7 32.Bxc7 Bf5 33.c4 Bc2 34.b4 Bb3 35.c5 Ke6 36.e4 f5
37.Ke3 fxe4 38.Kxe4 Bc2+ 39.Kf4 Kd5 40.g4 Ke6 41.Kg5 Kd5 42.Kh6 Kc6 43.Ba5 Kd5
44.g5  1-0

[Event "2nd IMSA Blitz 2017"]
[Site "Huai'an CHN"]
[Date "2017.12.12"]
[Round "4.2"]
[White "Mamedyarov,S"]
[Black "Ivanchuk,V"]
[Result "0-1"]
[WhiteElo "2799"]
[BlackElo "2726"]

1.d4 Nf6 2.c4 e6 3.Nc3 Bb4 4.f3 d5 5.a3 Bxc3+ 6.bxc3 c5 7.cxd5 Nxd5 8.dxc5 f5
9.c4 Qf6 10.Bd2 Ne7 11.Qc1 O-O 12.e3 Nd7 13.Nh3 Nxc5 14.Be2 Nb3  0-1

[Event "2nd IMSA Blitz 2017"]
[Site "Huai'an CHN"]
[Date "2017.12.12"]
[Round "5.6"]
[White "Korobov,A"]
[Black "Mamedyarov,S"]
[Result "1-0"]
[WhiteElo "2652"]
[BlackElo "2799"]

1.d4 Nf6 2.c4 e6 3.Nf3 d5 4.Nc3 Bb4 5.Bg5 Nbd7 6.e3 c5 7.cxd5 exd5 8.Bd3 c4
9.Bf5 Qa5 10.Qc2 O-O 11.O-O Re8 12.Nd2 g6 13.Bh3 Kg7 14.Rfb1 h6 15.Bh4 g5
16.Bxd7 Bxd7 17.Bg3 Kg8 18.a3 Bf8 19.b3 cxb3 20.Nxb3 Qd8 21.Be5 Rc8 22.Qd3 Ng4
23.Bg3 Be6 24.Nc5 b6 25.Nxe6 Rxe6 26.h3 Nf6 27.Be5 Nd7 28.Nxd5 Nxe5 29.dxe5 Rxe5
30.Rd1 Bg7 31.Rab1 Re6 32.Qf5 Qe8 33.Rd3 Rc5 34.Rbd1 Re5 35.Qf3 Re6 36.Nxb6 Qb5
37.Rd8+ Kh7 38.Qxf7 Rf6 39.Qg8+ Kg6 40.Nd5  1-0

[Event "2nd IMSA Blitz 2017"]
[Site "Huai'an CHN"]
[Date "2017.12.12"]
[Round "6.2"]
[White "Le Quang Liem"]
[Black "Mamedyarov,S"]
[Result "1/2-1/2"]
[WhiteElo "2737"]
[BlackElo "2799"]

1.d4 Nf6 2.Nf3 e6 3.c4 d5 4.g3 dxc4 5.Bg2 a6 6.O-O Nc6 7.e3 Rb8 8.Qe2 b5
9.b3 cxb3 10.axb3 Bd6 11.Bb2 O-O 12.Rc1 Bb7 13.Ne5 Nb4 14.Bxb7 Rxb7 15.Nc6 Qa8
16.Nd2 Nxc6 17.Rxc6 Rb6 18.Rxb6 cxb6 19.e4 Bb4 20.d5 exd5 21.Bxf6 gxf6 22.exd5 Bc3
23.Rc1 b4 24.Ne4 f5 25.Nxc3 bxc3 26.Rxc3 Qxd5 27.Qxa6 Ra8 28.Rc8+ Rxc8 29.Qxc8+ Kg7
30.Qc3+ Kg6 31.Qe3 Qd1+ 32.Kg2 Qd5+ 33.f3 b5 34.h4 h6 35.Kh3 Qd1 36.Kg2 Qc2+
37.Kf1 Qd1+ 38.Kf2 Qc2+ 39.Kf1 Qd1+ 40.Kf2  1/2-1/2

[Event "2nd IMSA Blitz 2017"]
[Site "Huai'an CHN"]
[Date "2017.12.12"]
[Round "7.6"]
[White "Mamedyarov,S"]
[Black "Artemiev,V"]
[Result "0-1"]
[WhiteElo "2799"]
[BlackElo "2691"]

1.d4 d5 2.c4 c6 3.Nc3 Nf6 4.e3 g6 5.Nf3 Bg7 6.Be2 O-O 7.O-O Bg4 8.Qb3 Qb6
9.Qc2 Nbd7 10.b3 e6 11.a4 a5 12.h3 Bxf3 13.Bxf3 Rfe8 14.Rd1 Rad8 15.Rb1 Bf8
16.g3 Qa7 17.Kg2 Nb6 18.e4 dxe4 19.Nxe4 Nxe4 20.Qxe4 Nc8 21.Bg5 Be7 22.Bxe7 Nxe7
23.Rd2 Nf5 24.Rbd1 Qb6 25.Rd3 Qc7 26.Bg4 h5 27.Bxf5 exf5 28.Qf3 Re4 29.d5 cxd5
30.Rxd5 Rde8 31.Rd7 Qb6 32.R1d6 Qb4 33.Qd3 Qe1 34.Qd5 R4e6 35.Rxe6 Rxe6 36.Qxb7 Re2
37.Qb8+ Kg7 38.Qa7 Kg8 39.Rxf7 Rxf2+ 40.Qxf2 Qe4+ 41.Qf3 Qc2+ 42.Kf1 Kxf7
43.Qd5+ Kf6 44.c5 Qc1+ 45.Ke2 Qc2+ 46.Ke3 Qc3+ 47.Qd3 Qxc5+ 48.Qd4+ Qe5+
49.Qxe5+ Kxe5 50.h4 Kd5 51.Kd3 Ke5 52.b4 axb4 53.Kc4 g5 54.hxg5 h4 55.gxh4 f4
56.h5 f3 57.Kd3 b3  0-1

[Event "2nd IMSA Blitz 2017"]
[Site "Huai'an CHN"]
[Date "2017.12.12"]
[Round "8.2"]
[White "Harikrishna,P"]
[Black "Mamedyarov,S"]
[Result "0-1"]
[WhiteElo "2744"]
[BlackElo "2799"]

1.e4 e5 2.Nf3 Nc6 3.Bb5 a6 4.Ba4 d6 5.O-O Bd7 6.c3 g5 7.d4 g4 8.d5 Nce7 9.Bxd7+ Qxd7
10.Nh4 Bg7 11.f4 Bf6 12.Qe1 Bxh4 13.Qxh4 Ng6 14.Qf2 exf4 15.Bxf4 Nf6 16.Bg5 Nxe4
17.Qe3 f5 18.Nd2 O-O 19.Nxe4 Rae8 20.Nc5 dxc5 21.Qxc5 f4 22.Qc4 b5 23.Qc6 Qxc6
24.dxc6 Re5 25.Bh6 Rf6 26.Rad1 Rxc6 27.Bxf4 Nxf4 28.Rxf4 h5 29.Rd8+ Kg7 30.Rd7+ Kg6
31.Rff7 Re1+ 32.Kf2 Rb1 33.Rg7+ Kf6 34.Rgf7+ Kg6 35.Rg7+ Kf5 36.Rgf7+ Ke5
37.Rfe7+ Re6 38.Rxe6+ Kxe6 39.b4 Kxd7  0-1

[Event "2nd IMSA Blitz 2017"]
[Site "Huai'an CHN"]
[Date "2017.12.12"]
[Round "9.1"]
[White "Mamedyarov,S"]
[Black "Mamedov,Rau"]
[Result "1/2-1/2"]
[WhiteElo "2799"]
[BlackElo "2709"]

1.d4 Nf6 2.Bg5 g6 3.Nd2 Bg7 4.e4 d6 5.Ngf3 O-O 6.Bc4 Nxe4 7.Nxe4 d5 8.Bd3 dxe4
9.Bxe4 c5 10.c3 cxd4 11.Nxd4 Qb6 12.Qe2 Nc6 13.Nb3 a5 14.Be3 Qc7 15.a4 Ne5
16.Nd4 Qc4 17.Bg5 h6 18.Bc1 Rd8 19.Bc2 Bd7 20.h3 Rac8 21.f4 Qxe2+ 22.Kxe2 Nc4
23.Rd1 Nd6 24.Be3 Nc4 25.Bc1 Nd6 26.Be3 Nc4 27.Bc1 Nd6 28.Be3  1/2-1/2

[Event "2nd IMSA Blitz 2017"]
[Site "Huai'an CHN"]
[Date "2017.12.12"]
[Round "10.3"]
[White "Yu Yangyi"]
[Black "Mamedyarov,S"]
[Result "1-0"]
[WhiteElo "2751"]
[BlackElo "2799"]

1.e4 e5 2.Nf3 Nc6 3.Bb5 a6 4.Ba4 d6 5.Bxc6+ bxc6 6.d4 exd4 7.Nxd4 c5 8.Nc6 Qd7
9.Na5 Nf6 10.O-O Be7 11.Re1 O-O 12.c4 c6 13.Bd2 d5 14.e5 Ne4 15.Nc3 Nxd2
16.Qxd2 Qc7 17.Na4 Rb8 18.cxd5 cxd5 19.Rac1 c4 20.a3 Bd7 21.b3 Bxa4 22.bxa4 Bd8
23.Qxd5 Qxa5 24.Qxc4 h6 25.Re2 Be7 26.e6 Bxa3 27.Rd1 fxe6 28.Rxe6 Kh8 29.Qd4 Qc5
30.Rxh6+ Kg8 31.Qxc5 Bxc5 32.Rxa6 Rb2 33.Kh1 Rfxf2 34.Rg6 Ra2 35.Rg4 Rfd2
36.Rf1 Bd4 37.h4 Rxa4 38.Re1 Ra5 39.Kh2 Be5+ 40.Kh3 Ra3+ 41.g3 Bf6 42.Re6 Raa2
43.Rc4 Kf7 44.Re3 Rh2+ 45.Kg4 Rag2 46.Rc7+ Kg6 47.Kf3 Rg1 48.Rc6 Rf1+ 49.Kg4 Rg1
50.Kf3 Kh7 51.Rc4 Rb2 52.Rd3 Rf1+ 53.Kg4 Rg1 54.Re4 Rh2 55.Kf3 Ra1 56.Kg4 Rf1
57.Rc4 Rg1 58.Kf3 Re1 59.Kg4 Ra2 60.Kf3 Rg1 61.Kg4 Kg6 62.Re4 Ra5 63.Rc4 Rh5
64.Kf3 Re5  1-0

[Event "2nd IMSA Blitz 2017"]
[Site "Huai'an CHN"]
[Date "2017.12.12"]
[Round "11.4"]
[White "Mamedyarov,S"]
[Black "Andreikin,D"]
[Result "1/2-1/2"]
[WhiteElo "2799"]
[BlackElo "2712"]

1.d4 d5 2.c4 c6 3.Nc3 Nf6 4.e3 a6 5.Nf3 Bf5 6.Qb3 b5 7.c5 a5 8.Be2 g6 9.O-O Bg7
10.Bd2 O-O 11.a3 Nbd7 12.Rfc1 Ne4 13.Qd1 Nxd2 14.Qxd2 e5 15.b4 Bg4 16.Nxe5 Nxe5
17.dxe5 Bxe2 18.Nxe2 Bxe5 19.Nd4 Qf6 20.g3 a4 21.Kg2 Rae8 22.Re1 h5 23.Rad1 Kg7
24.e4 Bxd4 25.Qxd4 Qxd4 26.Rxd4 Re6 27.Re3 dxe4 28.Rexe4 Rxe4 29.Rxe4 Rd8
30.Kf3 Rd2 31.h3 Ra2 32.Re3 g5 33.Rd3 f6 34.Kg2 g4 35.hxg4 hxg4 36.Re3 Kg6
37.Kg1 Kf5 38.Rd3 Ke4 39.Rd6 Rxa3 40.Rxc6 Rb3 41.Rxf6 a3 42.Ra6 Kd5 43.c6 Rxb4
44.Rxa3 Kxc6 45.f3 gxf3 46.Kf2 Rc4 47.Kxf3 b4 48.Ra1 b3 49.Rb1 Rb4 50.g4 Kd5
51.g5 Ke5 52.g6 Kf6 53.Ke3 Kxg6 54.Kd3 b2 55.Kc2 Rb5 56.Rxb2 Rxb2+  1/2-1/2

[Event "2nd IMSA Blitz 2017"]
[Site "Huai'an CHN"]
[Date "2017.12.13"]
[Round "14.5"]
[White "Mamedyarov,S"]
[Black "Grischuk,A"]
[Result "0-1"]
[WhiteElo "2799"]
[BlackElo "2772"]

1.g3 d5 2.Bg2 e5 3.d3 Nf6 4.Nf3 Bd6 5.Nbd2 O-O 6.e4 c6 7.O-O Re8 8.Re1 Nbd7
9.c3 h6 10.Qc2 Nf8 11.b3 Ng6 12.Bb2 Bg4 13.h3 Be6 14.Rad1 Qc7 15.Nf1 Rad8
16.Ne3 Qc8 17.Kh2 b5 18.a4 bxa4 19.bxa4 Qb7 20.Nf5 dxe4 21.dxe4 Bb3 22.Qc1 Bxd1
23.Rxd1 Bc5 24.Re1 Bxf2 25.Rf1 Bc5 26.Nd2 Re6 27.Qc2 Qd7 28.Nb3 Bf8 29.Bc1 Qd3
30.Qb2 Nxe4 31.Rf3 Qd7 32.Qc2 Nf6 33.Rf2 Qd1 34.Qa2 Rb8 35.Rb2 Rxb3 36.Rxb3 Qxc1
37.Rb8 Qxc3 38.Qf2 e4 39.Qxa7 e3  0-1

[Event "2nd IMSA Blitz 2017"]
[Site "Huai'an CHN"]
[Date "2017.12.13"]
[Round "16.6"]
[White "Mamedyarov,S"]
[Black "Korobov,A"]
[Result "0-1"]
[WhiteElo "2799"]
[BlackElo "2652"]

1.d4 Nf6 2.c4 e6 3.Nc3 Bb4 4.f3 c5 5.d5 O-O 6.e4 d6 7.Bg5 Re8 8.Ne2 h6 9.Bh4 exd5
10.cxd5 Nbd7 11.Qc2 Ne5 12.a3 Ba5 13.Nc1 Ng6 14.Bxf6 Qxf6 15.Bb5 Re7 16.O-O a6
17.Be2 b5 18.Nd3 Bd7 19.Kh1 h5 20.b4 cxb4 21.Nxb4 Rc8 22.Rac1 Nf4 23.Rfe1 h4
24.Bf1 Nh5 25.Qd2 Ng3+ 26.hxg3 hxg3 27.Bd3 Bb6  0-1

[Event "2nd IMSA Blitz 2017"]
[Site "Huai'an CHN"]
[Date "2017.12.13"]
[Round "17.3"]
[White "Mamedyarov,S"]
[Black "Le Quang Liem"]
[Result "1/2-1/2"]
[WhiteElo "2799"]
[BlackElo "2737"]

1.b3 e5 2.Bb2 Nc6 3.e3 g6 4.Bb5 Nge7 5.d4 exd4 6.Bxd4 Nxd4 7.Qxd4 Rg8 8.Qd2 c6
9.Bd3 Bg7 10.c3 d5 11.Ne2 Bf5 12.O-O Qd6 13.a4 h5 14.Nd4 Bxd3 15.Qxd3 O-O-O
16.b4 h4 17.h3 g5 18.Nd2 Bh8 19.f3 Qg6 20.Qxg6 Nxg6 21.a5 Rge8 22.Rfe1 a6
23.Kf1 Re5 24.Re2 Rde8 25.Rae1 Kc7 26.N2b3 Rd8 27.Nc5 Ree8 28.Kf2 Bf6 29.Nd3 Rd7
30.f4 Rdd8 31.Kf3 Rg8 32.fxg5 Bxg5 33.e4 dxe4+ 34.Rxe4 Bf6 35.Rg4 Rh8 36.Re3 Rh5
37.Kf2 Rhd5 38.Rf3 Bxd4+ 39.cxd4 Rxd4 40.Rxf7+ Kc8 41.Rxd4 Rxd4 42.Rf6 Ne7
43.Rf8+ Kc7 44.Ke3 Rc4 45.Rf7 Kd8 46.Rf8+ Kc7 47.Rf7 Kd8 48.Kd2 Rd4 49.Kc3 Re4
50.Kd2 Ke8 51.Rg7 Rd4 52.Rg4 Rxg4 53.hxg4 Nd5 54.Ke2 Kf7 55.Kf3 Kf6 56.g3 h3
57.Nf2 Nxb4 58.Nxh3 c5 59.g5+ Kf5 60.Nf4 Nc6 61.g4+ Kxg5 62.Ne6+ Kf6 63.Nxc5 Nxa5
64.Ke4 Kg5 65.Kd5 Kxg4 66.Kd6 Nc4+ 67.Kd5 Na5 68.Kd6 Kf5 69.Kc7 Ke5 70.Kb6 Kd5
71.Nxb7 Nxb7 72.Kxa6 Ke5  1/2-1/2

[Event "2nd IMSA Blitz 2017"]
[Site "Huai'an CHN"]
[Date "2017.12.13"]
[Round "18.6"]
[White "Artemiev,V"]
[Black "Mamedyarov,S"]
[Result "1-0"]
[WhiteElo "2691"]
[BlackElo "2799"]

1.e4 e5 2.Bc4 Nf6 3.Nc3 Nc6 4.d3 Bc5 5.Nf3 d6 6.Na4 Bb6 7.a3 h6 8.h3 O-O
9.O-O Be6 10.Re1 Bxc4 11.dxc4 Nd4 12.Nh4 Nd7 13.g3 Qf6 14.Nxb6 Nxb6 15.c3 Ne6
16.b3 a5 17.a4 Nc5 18.Be3 Nbd7 19.b4 Nxe4 20.Qg4 Nxc3 21.Qxd7 axb4 22.Qxc7 b3
23.Qb6 Qe6 24.Qxb3 Ne4 25.Qxb7 Nf6 26.Kh2 Qxc4 27.a5 d5 28.Rec1 Qe2 29.Qc6 d4
30.Qc2 Qxc2 31.Rxc2 dxe3 32.fxe3 Ra6 33.Nf5 Rfa8 34.Ne7+ Kf8 35.Nc6 Ne4 36.Nxe5 Rxa5
37.Rxa5 Rxa5 38.Rc8+ Ke7 39.Nc6+ Kd7 40.Nxa5 Kxc8 41.Kg2 Kd7 42.Nb3 Ke6 43.Nd4+ Ke5
44.Nf3+ Kd5 45.Nd4 Nd6 46.Kf3 g6 47.g4 Ne4 48.h4 Nd2+ 49.Kf4 Ne4 50.Nb5 Nc5
51.Nc3+ Kc4 52.Ne2 Ne6+ 53.Ke4 Nc5+ 54.Kf3 Nd7 55.h5 gxh5 56.Ke4  1-0

[Event "2nd IMSA Blitz 2017"]
[Site "Huai'an CHN"]
[Date "2017.12.13"]
[Round "19.2"]
[White "Mamedyarov,S"]
[Black "Harikrishna,P"]
[Result "1/2-1/2"]
[WhiteElo "2799"]
[BlackElo "2744"]

1.b3 e5 2.Bb2 Nc6 3.e3 Nf6 4.Bb5 e4 5.f3 a6 6.Bxc6 dxc6 7.fxe4 Nxe4 8.Nf3 Bd6
9.d3 Ng5 10.O-O Bg4 11.Nbd2 O-O 12.Qe1 Nxf3+ 13.Nxf3 Qe7 14.e4 Rae8 15.Kh1 f5
16.e5 Bc5 17.Qc3 Be3 18.d4 f4 19.Bc1 c5 20.Bxe3 fxe3 21.Qxe3 cxd4 22.Nxd4 Rxf1+
23.Rxf1 Qxe5 24.Qf2 h6 25.h3 Bh5 26.Nf5 Bg6 27.Nh4 Qd6 28.c4 Kh7 29.c5 Qc6
30.b4 Re4 31.Nxg6 Qxg6 32.a3 b6 33.Rc1 a5 34.b5 Qe6 35.Rd1 Re2 36.Qd4 bxc5
37.Qxc5 Qe4 38.Rg1 Rc2 39.Qa7 Rc3 40.Kh2 Qe5+ 41.Kh1 Qxb5 42.Qd4 Qd3 43.Qxd3+ Rxd3
44.Rc1 Rxa3 45.Rxc7 a4 46.Ra7 h5 47.h4 Kg6 48.Kh2 Kf6 49.Ra6+ Kf5 50.Ra5+ Kg6
51.Ra6+ Kh7 52.Ra5 Kh6 53.Ra6+ Kh7 54.Ra5 Kg6 55.Ra6+ Kf7 56.Ra7+ Kf6 57.Ra6+ Kf5
58.Ra5+ Kg6 59.Ra6+ Kf7 60.Ra5 g6 61.Ra7+ Kf6 62.Ra6+ Kf7 63.Ra7+ Ke6 64.Ra6+ Kf5
65.Ra5+ Kf4 66.Ra6 g5 67.hxg5 Kxg5 68.Ra5+ Kg4 69.Ra8 h4 70.Rg8+ Kf5 71.Rh8 h3
72.gxh3 Rc3 73.Ra8 a3 74.h4 Kg4 75.Ra4+ Kh5 76.Kg2 Rc2+ 77.Kg3 Rc3+ 78.Kg2 Rc2+
79.Kg3  1/2-1/2

[Event "2nd IMSA Blitz 2017"]
[Site "Huai'an CHN"]
[Date "2017.12.13"]
[Round "21.3"]
[White "Mamedyarov,S"]
[Black "Yu Yangyi"]
[Result "1-0"]
[WhiteElo "2799"]
[BlackElo "2751"]

1.Nf3 c5 2.g3 Nc6 3.Bg2 g6 4.c3 e5 5.d4 cxd4 6.cxd4 e4 7.Nfd2 d5 8.f3 exf3
9.Nxf3 Bg7 10.Nc3 Bg4 11.Ne5 Nxe5 12.dxe5 Ne7 13.Bg5 h6 14.Bf6 O-O 15.Nxd5 Nxd5
16.Bxd8 Ne3 17.Be7 Nxd1 18.Bxf8 Rxf8 19.Rxd1 Bxe5 20.Rd2 Be6 21.a3 b6 22.Kf2 Rc8
23.Rhd1 Kg7 24.Bd5 Bxd5 25.Rxd5 Bxb2 26.R1d3 Rc7 27.Rd7 Rxd7 28.Rxd7 Bxa3
29.Rxa7 Bc5+ 30.Kf3 h5 31.Ke4 Kf6 32.Kd5 Bg1 33.h3 Bf2 34.g4 hxg4 35.hxg4 Be3
36.Ra3 Bc5 37.Rf3+ Ke7 38.e4 Kf8 39.e5 Kg7 40.Rf1 Bb4 41.Ra1 Kg8 42.Ra7 Bc5
43.Rc7 Ba3 44.Rc6 Bc5 45.Rc8+ Kg7 46.Rc7 Kg8 47.Rb7 Be3 48.Rd7 Bc1 49.Rd6 b5
50.Rb6 Kg7 51.Rxb5 Bg5 52.Rb7 Kg8 53.Rb8+ Kg7 54.Ra8 Bh4 55.Ra7 Kf8 56.Kd6 Bg5
57.Kd7 Bh4 58.Ra8+ Kg7 59.Ke8 Bg3 60.Ra5 Bf4 61.Rb5 Bg3 62.Ke7 Bh4+ 63.Kd7 Kf8
64.e6 fxe6 65.Kxe6 Kg7 66.g5 Bg3 67.Rb7+  1-0

[Event "2nd IMSA Blitz 2017"]
[Site "Huai'an CHN"]
[Date "2017.12.13"]
[Round "22.1"]
[White "Andreikin,D"]
[Black "Mamedyarov,S"]
[Result "1/2-1/2"]
[WhiteElo "2712"]
[BlackElo "2799"]

1.d4 Nf6 2.Bg5 Ne4 3.Bf4 d5 4.f3 Nd6 5.Nc3 e6 6.e4 c6 7.Bd3 b5 8.Nh3 Be7
9.O-O O-O 10.Bxd6 Qxd6 11.e5 Qc7 12.Ne2 c5 13.c3 b4 14.f4 Nc6 15.Kh1 bxc3
16.bxc3 cxd4 17.cxd4 Nb4 18.Rc1 Qa5 19.Bb1 Ba6 20.Rf3 Rfc8 21.Nc3 g6 22.Ng5 Rc4
23.Rh3 Bxg5 24.fxg5 Rac8 25.Qf3 R4c7 26.Qf4 Qa3 27.Rg1 Qb2 28.Qh4 Rxc3 29.Qxh7+ Kf8
30.Bxg6 Qf2 31.Qh8+ Ke7 32.Qf6+ Qxf6 33.exf6+ Kd7 34.Rxc3 Rxc3 35.Bxf7 Nd3
36.Rf1 Nf2+ 37.Kg1 Bxf1 38.Kxf2 Bd3 39.g6 Rc2+ 40.Kg1 Be4 41.g3 Rg2+ 42.Kf1 Bxg6
43.Kxg2 Bxf7 44.Kf3 e5 45.dxe5 Ke6 46.Kf4 Bg6 47.g4 d4 48.h4 d3 49.Ke3 Kxe5
50.h5 Bf7 51.h6 Kxf6 52.g5+ Kg6 53.Kxd3 Bxa2 54.Kc3 Bg8 55.Kb2 Kxg5 56.h7 Bxh7
57.Ka1 Bb1 58.Kxb1  1/2-1/2

[Event "2nd IMSA Basque 2017"]
[Site "Huai'an CHN"]
[Date "2017.12.14"]
[Round "1.2"]
[White "Mamedyarov,S"]
[Black "Ivanchuk,V"]
[Result "1/2-1/2"]
[WhiteElo "2799"]
[BlackElo "2726"]

1.d4 Nf6 2.c4 e6 3.Nf3 d5 4.Nc3 Be7 5.Bf4 O-O 6.Rc1 Nbd7 7.cxd5 exd5 8.e3 c6
9.Bd3 Nh5 10.Bg3 g6 11.a3 Nxg3 12.hxg3 Re8 13.O-O Bd6 14.b4 Nf6 15.Re1 Bg4
16.Qb3 a6 17.Nd2 h5 18.e4 dxe4 19.Ndxe4 Be6 20.Bc4 Bxc4 21.Qxc4 Nxe4 22.Nxe4 Bf8
23.Rcd1 Rc8 24.Nc5 Rxe1+ 25.Rxe1 Rc7 26.Re4 Bg7 27.a4 Re7 28.Rxe7 Qxe7 29.Kf1 Bh6
30.d5 Bd2 31.Qe2 Qxe2+ 32.Kxe2 Bxb4 33.dxc6 bxc6 34.Nxa6 Bd6 35.Kd3 Kf8 36.Kc4 Ke7
37.Nc5 Bc7 38.Nd3 Kd6 39.f4 f6 40.Nc5 Bb6 41.Nb7+ Kc7 42.Nc5 Kd6 43.Nb7+ Kc7
44.Nc5 Kd6  1/2-1/2

[Event "2nd IMSA Basque 2017"]
[Site "Huai'an CHN"]
[Date "2017.12.14"]
[Round "1.1"]
[White "Ivanchuk,V"]
[Black "Mamedyarov,S"]
[Result "0-1"]
[WhiteElo "2726"]
[BlackElo "2799"]

1.e4 e5 2.Nf3 Nc6 3.Bb5 a6 4.Ba4 Nf6 5.O-O Be7 6.Re1 d6 7.Bxc6+ bxc6 8.d4 exd4
9.Nxd4 Bd7 10.Nc3 O-O 11.Qf3 Re8 12.h3 h6 13.Bf4 c5 14.Nf5 Bxf5 15.exf5 d5
16.g4 c6 17.b3 Nd7 18.Na4 Bf6 19.Rxe8+ Qxe8 20.Rd1 Rd8 21.Kf1 Be5 22.Re1 f6
23.Be3 Qf8 24.Qe2 c4 25.Qd2 d4 26.Bf4 c3 27.Qc1 Qd6 28.Bxe5 Nxe5 29.Qf4 d3
30.Qe4 dxc2 31.Qxc2 Nf3 32.Rc1 Qh2 33.Qxc3 Qxh3+  0-1

[Event "2nd IMSA Basque 2017"]
[Site "Huai'an CHN"]
[Date "2017.12.14"]
[Round "2.2"]
[White "Mamedyarov,S"]
[Black "Ding Liren"]
[Result "1/2-1/2"]
[WhiteElo "2799"]
[BlackElo "2777"]

1.d4 Nf6 2.c4 e6 3.Nc3 Bb4 4.Nf3 O-O 5.Qc2 d5 6.Bg5 h6 7.Bh4 c5 8.e3 cxd4
9.exd4 Nc6 10.Rd1 g5 11.Bg3 Ne4 12.Bd3 f5 13.O-O Bxc3 14.bxc3 f4 15.Bxe4 dxe4
16.Qxe4 Qf6 17.h4 fxg3 18.fxg3 Qf5 19.Qe3 Bd7 20.hxg5 Qg6 21.gxh6 Qxg3 22.d5 exd5
23.Rxd5 Bf5 24.Rxf5 Rxf5 25.Qe6+ Rf7 26.Nh4 Ne5 27.Nf5 Qxc3 28.Ne7+ Kh8 29.Ng6+ Nxg6
30.Rxf7 Rg8 31.h7 Rg7 32.Rxb7 Qd4+ 33.Kh1 Qa1+ 34.Kh2 Qe5+ 35.Qxe5 Nxe5 36.Rxg7 Kxg7
37.Kg3 Nxc4 38.Kf4 Kxh7 39.Ke4 Kg6 40.Kd5 Ne3+ 41.Ke4  1/2-1/2

[Event "2nd IMSA Basque 2017"]
[Site "Huai'an CHN"]
[Date "2017.12.14"]
[Round "2.1"]
[White "Ding Liren"]
[Black "Mamedyarov,S"]
[Result "1/2-1/2"]
[WhiteElo "2777"]
[BlackElo "2799"]

1.Nf3 Nf6 2.g3 g6 3.Bg2 Bg7 4.O-O O-O 5.d4 d6 6.c4 Nbd7 7.Nc3 e5 8.e4 a6
9.Be3 Rb8 10.h3 exd4 11.Nxd4 Re8 12.a4 a5 13.Qc2 c6 14.Rad1 Qc7 15.f4 Nc5
16.g4 Bd7 17.f5 Rbc8 18.g5 Nfxe4 19.Bxe4 d5 20.Bf4 Qb6 21.f6 Bf8 22.Bg2 dxc4
23.Nce2 Qb4 24.Bd2 Qxa4 25.Qxa4 Nxa4 26.Bxa5 b6 27.Bc3 b5 28.Nxb5 cxb5 29.Rxd7 Rxe2
30.Bd5 Bc5+ 31.Kh1 Rf8 32.Rb7 Nxc3 33.bxc3 Re5 34.Rd1 Rxg5 35.Rxb5 Be3 36.Bxc4 Rxb5
37.Bxb5 h5 38.Re1 Bd2 39.Re8 Rxe8 40.Bxe8 Bxc3 41.Kg2 Bxf6 42.Bb5 Kg7 43.Bc4 Bh4
44.Kf3 f5 45.Kg2 Be7 46.Be2 Kh6 47.Bd3 Kg5 48.Bc4 Kf6 49.Be2 Ke5 50.Bd1 Kf4
51.Be2 Kg5 52.Bd1 Kh4 53.Bc2 Kg5 54.Bd1 Kh4 55.Bc2  1/2-1/2

[Event "2nd IMSA Basque 2017"]
[Site "Huai'an CHN"]
[Date "2017.12.14"]
[Round "3.2"]
[White "Yu Yangyi"]
[Black "Mamedyarov,S"]
[Result "1/2-1/2"]
[WhiteElo "2751"]
[BlackElo "2799"]

1.e4 e5 2.Nf3 Nc6 3.Bb5 a6 4.Ba4 d6 5.c3 Bd7 6.d4 g6 7.O-O Bg7 8.Be3 Nf6
9.Nbd2 Ng4 10.Bg5 f6 11.Bh4 Qe7 12.b4 h5 13.Bg3 O-O 14.Re1 Nh6 15.Nf1 g5
16.Bb3+ Kh7 17.dxe5 Nxe5 18.Bxe5 fxe5 19.Ne3 g4 20.Nd2 h4 21.Qe2 Qg5 22.Rf1 g3
23.fxg3 hxg3 24.h3 b5 25.Nf3 Qh5 26.Nd4 Qh4 27.Nf3 Qd8 28.Qe1 Bf6 29.Qxg3 c6
30.h4 Qb6 31.Qf2 d5 32.Rae1 Kh8 33.Ng4 Qxf2+ 34.Nxf2 d4 35.cxd4 exd4 36.e5 Be7
37.e6 Be8 38.Nd3 a5 39.a3 Nf5 40.Nfe5 axb4 41.axb4 Ra3 42.Bd1 Nxh4 43.Rxf8+ Bxf8
44.Re4 Ng6 45.Bh5 Nxe5 46.Rxe5 Bxh5 47.Rxh5+ Kg7 48.Ne5 d3 49.Kf2 Bxb4 50.Nxc6 Ra2+
51.Ke3 d2 52.Rh1 Bc5+ 53.Kd3 Kf6 54.e7 Bxe7 55.Nxe7 Kxe7 56.Rd1 Ke6 57.Rxd2 Rxd2+
58.Kxd2 Kf5 59.Kc3 Kg4 60.Kb4 Kg3 61.Kxb5 Kxg2  1/2-1/2

[Event "2nd IMSA Basque 2017"]
[Site "Huai'an CHN"]
[Date "2017.12.14"]
[Round "3.1"]
[White "Mamedyarov,S"]
[Black "Yu Yangyi"]
[Result "0-1"]
[WhiteElo "2799"]
[BlackElo "2751"]

1.d4 Nf6 2.c4 e6 3.Nc3 Bb4 4.Nf3 d5 5.Bg5 h6 6.Bxf6 Qxf6 7.e3 O-O 8.Be2 dxc4
9.O-O c5 10.Ne4 Qe7 11.a3 cxd4 12.exd4 Ba5 13.Bxc4 Nc6 14.Qe2 Rd8 15.Rfd1 Bb6
16.Ng3 Bxd4 17.Nxd4 Rxd4 18.Rxd4 Nxd4 19.Qe4 Nc6 20.Rd1 Bd7 21.Nf5 Qd8 22.Nd6 Be8
23.b4 a6 24.h4 Qe7 25.Rd3 Rd8 26.Qf4 b5 27.Ba2 e5 28.Nf5 Qf6 29.Rxd8 exf4
30.Rxe8+ Kh7 31.Bd5 g6 32.Rf8 Nd8 33.Nd4 Qe7 34.Rxd8 Qxd8 35.Bxf7 Qxd4  0-1